| 000 | 01030cam a2200325Ka 4500 | ||
|---|---|---|---|
| 001 | 215808 | ||
| 003 | GBCCL | ||
| 005 | 20241126110401.0 | ||
| 008 | 960802s1981 pau 000 0 eng d | ||
| 020 | _a0913367567 (pbk.) | ||
| 020 | _a9780913367568 (pbk.) | ||
| 020 | _a0883681064 | ||
| 020 | _a9780883681060 | ||
| 035 | _a(OCoLC)ocm35182940 | ||
| 035 |
_a(OCoLC)35182940 _z(OCoLC)35923395 |
||
| 040 |
_aKRL _cKRL _dOCLCQ _dOCLCG _dSGB _dRLM _dBAKER _dYDXCP _dLBB |
||
| 049 |
_aLBBK _aLBBA |
||
| 050 | 4 |
_aBV 4647.2 _b.M88 1981 |
|
| 082 | 0 | 4 |
_a242 _bMUR |
| 090 |
_aBV4647.2 _b.M88 1981 |
||
| 100 | 1 |
_aMurray, Andrew, _d1828-1917. _92842 |
|
| 245 | 1 | 0 |
_aWith Christ in the school of prayer / _cAndrew Murray. |
| 260 |
_aSpringdale, PA : _bWhitaker House, _cc1981. |
||
| 300 |
_a238 p. ; _c18 cm. |
||
| 500 | _aBilly Graham Evangelistic Association special edition. | ||
| 500 | _aForeword by Billy Graham. | ||
| 520 | _aChristian Library of Lancaster Collection. | ||
| 650 | 0 |
_aPrayer _xChristianity. _9227 |
|
| 942 |
_2ddc _cBK _01 |
||
| 999 |
_c1428 _d1428 |
||